000 01099cam a2200325 a 4500
001 13880515
003 OSt
005 20140310182254.0
008 050223s2006 nyua j 000 1 eng
010 _a 2005004854
020 _a9780736423755
040 _aDLC
_cDLC
_dDLC
042 _alcac
050 0 0 _aPZ 7
_b.L323817Lil 2006
082 0 0 _aFIC
_bL32l 2006
100 1 _aLarsen, Kirsten.
_920210
245 1 0 _aLily's pesky plant /
_c Kirsten Larsen
260 _aNew York :
_bRandom House,
_cc2006.
300 _a110 p. :
_bcol. ill. ;
_c20 cm.
650 1 _aFairies
_vFiction.
_920211
650 1 _aPlants
_vFiction.
_920212
650 1 _aGardens
_vFiction.
_920213
700 1 _aClarke, Judith,
_eill.
_920214
856 4 2 _3Publisher description
_uhttp://www.loc.gov/catdir/enhancements/fy0621/2005004854-d.html
856 4 1 _3Sample text
_uhttp://www.loc.gov/catdir/enhancements/fy0621/2005004854-s.html
906 _a7
_bcbc
_corignew
_d1
_eecip
_f20
_gy-gencatlg
942 _2lcc
_cBK-FIC
_kFIC
999 _c11430
_d11430